| 000 | 00661nam a22001937a 4500 | ||
|---|---|---|---|
| 005 | 20251108165902.0 | ||
| 008 | 250721s1998 xx 000 0 ara d | ||
| 082 | 1 | 4 | _aم/641.5/رمز |
| 100 | 1 | _aشويري، رمزي نديم | |
| 245 | 1 | 0 |
_aالشيف رمزي في عالم الصباح : _bموسوعة شاملة في الطبخ والحلويات / |
| 264 | 1 |
_aبيروت : _bأكاديميا - تلفزيون المستقبل، _c1998. |
|
| 300 | _a572ص | ||
| 500 | _aيتوفر نسخة في قاعة المطالعة | ||
| 650 | 1 | 7 | _aالطبخ |
| 650 | 1 | 7 | _aالحلويات |
| 650 | 1 | 7 | _aالطعام |
| 942 |
_2ddc _cREF |
||
| 999 |
_c33864 _d33864 |
||